Statistics for Pirates of the Caribbean Characters Quiz

Click here to take the quiz!

General Stats

  • This quiz has been taken 37 times
  • The average score is 10 of 64

Answer Stats

HintAnswer% Correct
Cursed Monkey, Barbossa's petJack
88%
Pirate Lord of the Caspian SeaHector Barbossa
76%
Captain of the Flying DutchmanDavy Jones
73%
Pirate Lord of the Caribbean SeaJack Sparrow
70%
Cursed Pirate, namesake of the above"Bootstrap" Bill Turner
58%
Feared Pirate, Captain of the Queen Anne's RevengeEdward Teach "Blackbeard"
55%
Daughter of the Character aboveElizabeth Swann
55%
Jack's faithful first mateMr. Joshamee Gibbs
55%
"Eunuch"William Turner
55%
Commodore turned Pirate, turned AdmiralJames Norrington
45%
Son of William Turner and Elizabeth SwannHenry Turner
39%
Goddess of the SeaCalypso
36%
El Matador Del Mar, Captain of the Silent MaryCapitán Armando Salazar
36%
Mute Pirate, often found with a ParrotCotton
27%
Lord of the East India Trading CompanyLord Cutler Beckett
27%
Idiotic Pirate Missing an eyeRagetti
21%
Pirate Lord of the South China Sea and SingaporeSao Feng
21%
Governor of Port RoyalWeatherby Swann
21%
Keeper of the Pirate Code, Jack's FatherEdward Teague
18%
Little PirateMarty
18%
Goddess of the Sea bound in human formTia Dalma
18%
Pirate who Jack stole a ship fromAnamaria
15%
Idiotic Balding Pirate, uncle of the character abovePintel
15%
Scottish spy of the East India Trading CompanyMr. Ian Mercer
12%
Aggressive cursed African Pirate aboard the Black PearlBo'sun
9%
Pirate Lord of the Atlantic OceanMistress Ching
9%
Orphan named after "The Brightest Star in the North"Carina Smyth
6%
First Mate aboard the Flying DutchmanMaccus
6%
Idiotic Pirate who's mother was a "Horologist", originally part of Blackbeard's CrewScrum
6%
Mermaid, lover of the Character aboveSyrena
6%
Pirate Lord of the Adriatic SeaEduardo Villanueva
3%
Pirate Lord of the Atlantic OceanGentleman Jocard
3%
First mate and Lieutenant of the Character above, died in the Battle of the Fountain of YouthGillette
3%
Prostitute with blonde hairGiselle
3%
Zombified Officer, fond with the Cat O' Nine TailsGunner
3%
Cursed Pirate with a crab for a headHadras
3%
Bo'sun aboard the Flying DutchmanJimmy Legs
3%
Long dead explorer and discoverer of the Fountain of YouthJuan Ponce de Leon
3%
Judge that Jack Sparrow impersonatedJustice Smith
3%
Talkative member of the British Navy, friend of the Character aboveMurtogg
3%
Pirate who operated out of Hangman's BayPierre "Pig" Kelly
3%
Zombified Pirate with voodoo powersQuartermaster
3%
Prostitute with red hairScarlett
3%
Captain of the Hai PengTai Huang
3%
Lieutenant Commander, died in the Battle of the Fountain of Youth, often admires Captain Jack SparrowTheodore Groves
3%
Mysterious Spanish Naval Officer, orders the destruction of the Fountain of YouthThe Spaniard
3%
Pirate Lord of the Black SeaAmmand the Corsair
0%
Daughter of the Character aboveAngelica Rivera
0%
The Character above's widowed sisterBeatrice
0%
Young sailor aboard the Queen Anne's RevengeCabin Boy
0%
Pirate Lord of the Mediterranean SeaCaptain Chevalle
0%
Old Pirate aboard the Queen Anne's Revenge, afraid of MermaidsEzekiel
0%
Vengeful Lieutenant in the British Navy at Saint MartinJohn Scarfield
0%
Spanish King eager to find the Fountain of YouthKing Ferdinand
0%
King that Jack Sparrow evadedKing George Augustus II
0%
Spanish Lieutenant, First Mate on the Silent MaryLesaro
0%
Robust member of the British NavyMulroy
0%
Missionary in Blackbeard's CrewPhilip Swift
0%
Dog who carries the keys to the prison at Port RoyalPoochie
0%
Indian Pirate part of Blackbeard's CrewSalaman
0%
Pirate Lord of the Indian OceanSumbhajee Angria
0%
Chef aboard the Queen Anne's Revenge killed by BlackbeardThe Cook
0%
Arrogant Captain in the British Navy who sails into the Devil's TriangleToms
0%
Cursed Pirate embedded in the hull of the Flying DutchmanWyvern
0%

Score Distribution

Percentile by Number Answered

Percent of People with Each Score

Your Score History

You have not taken this quiz